| 000 | 00870nam a22002777a 4500 | ||
|---|---|---|---|
| 001 | 7980 | ||
| 003 | FISKH | ||
| 005 | 20251210103940.0 | ||
| 008 | 250815b cb ||||| |||| 00| 0 eng d | ||
| 020 | _a040296004702 | ||
| 040 |
_aFISKH _beng _cFISKH _dFISKH |
||
| 050 | _aQL696.S473 R47 | ||
| 082 | _a598.47 | ||
| 100 | _aResnick, Jane P. | ||
| 245 |
_aPenguins / _cWritten by Jane P. Resnick |
||
| 260 |
_aChicago : _bKidsbooks Inc, _c1997. |
||
| 300 |
_a29 pages : _bcolor illustrations ; _c24 cm . |
||
| 490 | _aEyes on Nature | ||
| 505 | _aQ | ||
| 520 | _aDescribes, in brief text and illustrations, the physical characteristics, habits, and natural environment of various species of penguins. | ||
| 521 | 8 |
_a660
_bLexile estimate |
|
| 521 | 8 |
_aQ
_bRaz-Plus |
|
| 650 |
_aPolar animals _vNon-fiction |
||
| 942 |
_2ddc _cBK _n0 |
||
| 999 |
_c7980 _d7980 |
||